[Event "Poznan op 26th"]
[Site "Poznan"]
[Date "2018.08.26"]
[Round "9"]
[White "Leskiewicz, Ignacy"]
[Black "Norov, Artem"]
[Result "1-0"]
[WhiteElo "1964"]
[BlackElo "1905"]
[PlyCount "93"]
[EventDate "2018.08.19"]
[EventType "swiss"]
[EventRounds "9"]
[EventCountry "POR"]
[SourceTitle "CBM 186 Extra"]
[Source "ChessBase"]
[SourceDate "2018.08.24"]
[SourceVersion "1"]
[SourceVersionDate "2018.08.24"]
[SourceQuality "1"]

1. e4 d5 2. exd5 Qxd5 3. Nc3 Qd6 4. d4 Nf6 5. Nf3 g6 6. g3 c6 7. Bf4 Qb4 8. a3 Qb6 9. b4 Bg7 10. Bg2 0-0 11. 0-0 Qd8 12. Ne5 Nd5 13. Nxd5 cxd5 14. c4 Be6 15. Re1 Nc6 16. c5 a6 17. Rb1 Qc8 18. a4 Rd8 19. Rb3 Kf8 20. Nxc6 bxc6 21. Rbe3 Ra7 22. Rxe6 fxe6 23. Bh3 Qb7 24. Bd2 Kg8 25. Bxe6+ Kh8 26. h4 Rf8 27. h5 Bxd4 28. hxg6 Qb8 29. Qg4 Bxf2+ 30. Kg2 Qxg3+ 31. Qxg3 Bxg3 32. Bc3+ Rf6 33. Kxg3 hxg6 34. Bxf6+ exf6 35. Bc8 Kg7 36. Re8 f5 37. Rd8 Kf6 38. Rd6+ Ke5 39. Rxg6 a5 40. b5 cxb5 41. axb5 Rc7 42. c6 d4 43. Bd7 d3 44. Kf3 a4 45. b6 a3 46. bxc7 d2 47. Rg1 1-0

[Event "Bialystok Zamenhof Memorial 35th"]
[Site "Bialystok"]
[Date "2016.12.31"]
[Round "9"]
[White "Norov, Artem"]
[Black "Krasiewicz, Robert"]
[Result "1/2-1/2"]
[WhiteElo "1819"]
[BlackElo "2048"]
[PlyCount "145"]
[EventDate "2016.12.27"]
[EventType "swiss (rapid)"]
[EventRounds "9"]
[EventCountry "POL"]
[SourceTitle "CBM 176 Extra"]
[Source "ChessBase"]
[SourceDate "2017.03.02"]
[SourceVersion "1"]
[SourceVersionDate "2017.03.02"]
[SourceQuality "1"]

1. b3 e5 2. Bb2 Nc6 3. g3 Bc5 4. e3 Qe7 5. Bg2 Nf6 6. Ne2 d6 7. 0-0 0-0 8. d4 exd4 9. Nxd4 Ne5 10. h3 Re8 11. c4 c6 12. Nc3 Bd7 13. Qe2 Rad8 14. Rfd1 Bc8 15. Rd2 Bb4 16. Rad1 d5 17. cxd5 Bxc3 18. Bxc3 Nxd5 19. Bb2 f6 20. Qh5 Qf7 21. Qxf7+ Nxf7 22. a3 Nc7 23. b4 Ne6 24. Nb3 Kf8 25. Nd4 Nc7 26. Nb3 Rxd2 27. Rxd2 Ne5 28. Bxe5 Rxe5 29. Nc5 Re8 30. g4 Ne6 31. Ne4 Rd8 32. Rxd8+ Nxd8 33. Nd6 Be6 34. f4 Ke7 35. Ne4 Bd5 36. Nc3 Bc4 37. Be4 g6 38. Kf2 Nf7 39. Bc2 Nd6 40. e4 Bf7 41. Bd3 h6 42. h4 Bc4 43. Ke3 Bf7 44. Ne2 Be6 45. f5 gxf5 46. exf5 Bb3 47. Kf4 Nc4 48. Bxc4 Bxc4 49. Nd4 Kd6 50. g5 fxg5+ 51. hxg5 hxg5+ 52. Kxg5 Ke5 53. Nf3+ Kd6 54. Nd2 Ba2 55. Ne4+ Ke5 56. Nc5 b6 57. Nd7+ Kd6 58. Nf6 Bb1 59. Ne8+ Ke7 60. Ng7 c5 61. bxc5 bxc5 62. f6+ Kf7 63. Nf5 Bd3 64. Nh6+ Kf8 65. Ng4 Bc4 66. Ne5 Be6 67. Kf4 Ke8 68. Ke4 a6 69. Kd3 a5 70. Nc4 a4 71. Nb2 Bb3 72. Kc3 Kf7 73. Nxa4 1/2-1/2

[Event "Bialystok Zamenhof Memorial 35th"]
[Site "Bialystok"]
[Date "2016.12.29"]
[Round "5"]
[White "Jaroch, Karol"]
[Black "Norov, Artem"]
[Result "1/2-1/2"]
[WhiteElo "2247"]
[BlackElo "1819"]
[PlyCount "26"]
[EventDate "2016.12.27"]
[EventType "swiss (rapid)"]
[EventRounds "9"]
[EventCountry "POL"]
[SourceTitle "CBM 176 Extra"]
[Source "ChessBase"]
[SourceDate "2017.03.02"]
[SourceVersion "1"]
[SourceVersionDate "2017.03.02"]
[SourceQuality "1"]

1. e4 d5 2. exd5 Qxd5 3. Nc3 Qd6 4. d4 Nf6 5. Nf3 c6 6. g3 Bf5 7. Bg2 Nbd7 8. a3 Qc7 9. 0-0 e6 10. Nh4 Bg4 11. f3 Bh5 12. Re1 Be7 13. g4 Bg6 1/2-1/2

[Event "Polanica Zdroj op-D 49th"]
[Site "Polanica Zdroj"]
[Date "2013.08.23"]
[Round "7"]
[White "Norov, Artem"]
[Black "Czoch, Karol"]
[Result "1-0"]
[WhiteElo "1744"]
[BlackElo "1588"]
[PlyCount "99"]
[EventDate "2013.08.17"]
[EventType "swiss"]
[EventRounds "9"]
[EventCountry "POL"]
[SourceTitle "EXT 2014"]
[Source "ChessBase"]
[SourceDate "2013.11.20"]
[SourceVersion "1"]
[SourceVersionDate "2013.11.20"]
[SourceQuality "1"]

1. d4 c6 2. c4 d5 3. Nf3 Nf6 4. Nc3 e6 5. Bg5 Be7 6. e3 Nbd7 7. Bd3 h6 8. Bh4 dxc4 9. Bxc4 Nb6 10. Bd3 Nbd5 11. 0-0 0-0 12. Rc1 Qa5 13. Qd2 Nxc3 14. bxc3 b6 15. Ne5 Bb7 16. Bxf6 Bxf6 17. Nd7 Rfd8 18. Nxf6+ gxf6 19. e4 Rxd4 20. Rfd1 Rdd8 21. Qxh6 Qg5 22. Qh3 Rd7 23. Re1 Rad8 24. Bc4 b5 25. Bb3 c5 26. Re3 Rd3 27. Rce1 Rxe3 28. Rxe3 Kf8 29. Qf3 f5 30. Bc2 Rd2 31. Bb1 fxe4 32. Bxe4 Rxa2 33. h3 Bxe4 34. Qxe4 Qd5 35. Qf4 a6 36. Qb8+ Ke7 37. Qc7+ Ke8 38. Rg3 Kf8 39. Rf3 e5 40. Qc8+ Ke7 41. Qc7+ Kf8 42. Rf5 Re2 43. Qc8+ Kg7 44. Rg5+ Kf6 45. Rf5+ Kg6 46. Rf3 Kg7 47. Rg3+ Kf6 48. Qxa6+ Ke7 49. Qxb5 e4 50. Qxe2 1-0

[Event "Polanica Zdroj op-D 48th"]
[Site "Polanica Zdroj"]
[Date "2012.08.25"]
[Round "8"]
[White "Norov, Artem"]
[Black "Szymanowski, Mateusz"]
[Result "1-0"]
[WhiteElo "1626"]
[BlackElo "1834"]
[PlyCount "83"]
[EventDate "2012.08.18"]
[EventType "swiss"]
[EventRounds "9"]
[EventCountry "POL"]
[SourceTitle "EXT 2014"]
[Source "ChessBase"]
[SourceDate "2013.11.20"]
[SourceVersion "1"]
[SourceVersionDate "2013.11.20"]
[SourceQuality "1"]

1. d4 Nf6 2. c4 g6 3. Nf3 Bg7 4. Nc3 0-0 5. e4 d6 6. h3 e5 7. d5 Nbd7 8. Bg5 h6 9. Be3 Nc5 10. Nd2 a5 11. g4 Bd7 12. Be2 Qe8 13. Rg1 c6 14. h4 cxd5 15. cxd5 Nh7 16. h5 g5 17. Nc4 Qe7 18. Nb6 Rab8 19. f3 Qd8 20. Nc4 Qc7 21. Na3 Rfd8 22. Kf2 Nf6 23. Rc1 Be8 24. Qd2 Qe7 25. Bb5 Rbc8 26. Rc2 Bd7 27. Bxd7 Qxd7 28. Qe2 Re8 29. Rgc1 Na6 30. Nc4 Qe7 31. Nb5 Nb4 32. Nbxd6 Nxc2 33. Rxc2 Red8 34. Nxc8 Rxc8 35. Nxa5 Ra8 36. Qb5 Rb8 37. Bc5 Qd8 38. Bb6 Qf8 39. Rc7 Rc8 40. Qc5 Qxc5+ 41. Rxc5 Rb8 42. Rc7 1-0

[Event "Kujawsko Pomorskie-ch op-B 65th"]
[Site "Szubin"]
[Date "2012.08.15"]
[Round "5.2"]
[White "Drobka, Marcin"]
[Black "Norov, Artem"]
[Result "0-1"]
[WhiteElo "1499"]
[BlackElo "1626"]
[PlyCount "84"]
[EventDate "2012.08.09"]
[EventType "swiss"]
[EventRounds "9"]
[EventCountry "POL"]
[SourceTitle "EXT 2023"]
[Source "ChessBase"]
[SourceDate "2022.10.05"]
[SourceVersion "1"]
[SourceVersionDate "2022.10.05"]
[SourceQuality "1"]

1. e4 d5 2. exd5 Qxd5 3. Nc3 Qd6 4. h3 Nf6 5. Nf3 c6 6. Bc4 Bf5 7. d3 e6 8. 0-0 Nbd7 9. Qe2 Be7 10. Re1 0-0 11. Nh4 Bg6 12. Nxg6 hxg6 13. a3 Nd5 14. Ne4 Qc7 15. Bxd5 cxd5 16. Nc3 Bf6 17. Na2 Rac8 18. c3 Nc5 19. Be3 d4 20. Bxd4 Bxd4 21. cxd4 Nb3 22. Rad1 Nxd4 23. Qe4 Qb6 24. Rb1 Rc2 25. Nb4 Rc7 26. Na2 Nb3 27. Qb4 Qxb4 28. Nxb4 a5 29. Na2 Rd8 30. Nc1 a4 31. Nxb3 axb3 32. d4 Rxd4 33. Re3 Rc2 34. Rxb3 Rdd2 35. Rxb7 Rxf2 36. a4 Rxg2+ 37. Kf1 Rh2 38. Kg1 Rcg2+ 39. Kf1 Rg5 40. a5 Rh1+ 41. Ke2 Rxb1 42. b4 Rxa5 0-1

[Event "Kujawsko Pomorskie-ch op-B 65th"]
[Site "Szubin"]
[Date "2012.08.15"]
[Round "1.3"]
[White "Wloch, Mikolaj"]
[Black "Norov, Artem"]
[Result "0-1"]
[WhiteElo "1278"]
[BlackElo "1626"]
[PlyCount "30"]
[EventDate "2012.08.09"]
[EventType "swiss"]
[EventRounds "9"]
[EventCountry "POL"]
[SourceTitle "EXT 2023"]
[Source "ChessBase"]
[SourceDate "2022.10.05"]
[SourceVersion "1"]
[SourceVersionDate "2022.10.05"]
[SourceQuality "1"]

1. e4 d5 2. exd5 Qxd5 3. Nc3 Qd6 4. Nf3 Nf6 5. Bc4 Bg4 6. h3 Bh5 7. d3 c6 8. Be3 Nbd7 9. Qd2 Bxf3 10. gxf3 Ne5 11. 0-0-0 Nxf3 12. Qe2 Nd4 13. Bxd4 Qxd4 14. Qe3 Qd8 15. Rhg1 e6 0-1

[Event "Panevezys op-B 24th"]
[Site "Panevezys"]
[Date "2011.08.15"]
[Round "9"]
[White "Norov, Artem"]
[Black "Brazdzionis, Andrius"]
[Result "0-1"]
[WhiteElo "1541"]
[BlackElo "1863"]
[PlyCount "76"]
[EventDate "2011.08.09"]
[EventType "swiss"]
[EventRounds "9"]
[EventCountry "LTU"]
[SourceTitle "CBM 144 Extra"]
[Source "ChessBase"]
[SourceDate "2011.10.28"]
[SourceVersion "1"]
[SourceVersionDate "2011.10.28"]
[SourceQuality "1"]

1. d4 d5 2. c4 c6 3. Nf3 Nf6 4. Nc3 e6 5. Bg5 dxc4 6. a4 Bb4 7. Qc2 Qa5 8. Bxf6 gxf6 9. e3 b5 10. Be2 Bb7 11. 0-0 Qb6 12. axb5 cxb5 13. b3 Bxc3 14. Qxc3 cxb3 15. Qxb3 a6 16. Rfc1 Nd7 17. Qb4 Rg8 18. Rc3 a5 19. Qb1 b4 20. Qxh7 Ke7 21. Rcc1 b3 22. Rcb1 Rh8 23. Qd3 a4 24. Qb5 Be4 25. Rb2 Qd6 26. g3 Rhb8 27. Qc4 Bd5 28. Qd3 a3 29. Rd2 b2 30. Rf1 a2 31. Rxb2 Rxb2 32. Ra1 Ra3 33. Qd1 Rab3 34. Nd2 Rxd2 35. Qxd2 Rb1+ 36. Bf1 Rxa1 37. Qb2 Rxf1+ 38. Kxf1 Qa6+ 0-1

[Event "Gdansk op 13th"]
[Site "Gdansk"]
[Date "2011.07.23"]
[Round "8"]
[White "Norov, Artem"]
[Black "Parol, Pawel"]
[Result "1-0"]
[WhiteElo "1541"]
[BlackElo "1918"]
[PlyCount "101"]
[EventDate "2011.07.17"]
[EventType "swiss"]
[EventRounds "9"]
[EventCountry "POL"]
[SourceTitle "CBM 143 Extra"]
[Source "ChessBase"]
[SourceDate "2011.08.29"]
[SourceVersion "1"]
[SourceVersionDate "2011.08.29"]
[SourceQuality "1"]

1. d4 d5 2. c4 c6 3. Nf3 Nf6 4. Nc3 e6 5. Bg5 Nbd7 6. e3 Qa5 7. Nd2 dxc4 8. Bxf6 Nxf6 9. Nxc4 Qc7 10. Bd3 Nd5 11. 0-0 Nxc3 12. bxc3 g6 13. e4 b5 14. Nd2 e5 15. f4 exf4 16. e5 Bg7 17. Ne4 0-0 18. Rxf4 Bf5 19. Rxf5 gxf5 20. Ng3 Rfe8 21. Bxf5 Qe7 22. Qh5 h6 23. Be4 Rac8 24. Nf5 Qg5 25. Qxg5 hxg5 26. Nd6 Red8 27. Nxc8 Rxc8 28. a4 a6 29. axb5 axb5 30. Bf5 Rd8 31. Kf2 c5 32. Ke3 b4 33. Ke4 bxc3 34. d5 Re8 35. e6 Bd4 36. Rf1 Kg7 37. Kd3 fxe6 38. dxe6 Be5 39. Kc4 Bxh2 40. Kxc3 Be5+ 41. Kc4 Bd4 42. Rh1 Kf6 43. g4 Ke5 44. Rh7 Kd6 45. Rd7+ Ke5 46. Rg7 Kd6 47. Rxg5 Rb8 48. Rh5 Rb4+ 49. Kd3 Rb3+ 50. Kd2 Rb2+ 51. Kd1 1-0

[Event "Gdansk op 13th"]
[Site "Gdansk"]
[Date "2011.07.17"]
[Round "2"]
[White "Renkowski, Piotr"]
[Black "Norov, Artem"]
[Result "1/2-1/2"]
[WhiteElo "1924"]
[BlackElo "1541"]
[PlyCount "48"]
[EventDate "2011.07.17"]
[EventType "swiss"]
[EventRounds "9"]
[EventCountry "POL"]
[SourceTitle "CBM 143 Extra"]
[Source "ChessBase"]
[SourceDate "2011.08.29"]
[SourceVersion "1"]
[SourceVersionDate "2011.08.29"]
[SourceQuality "1"]

1. Nf3 d5 2. g3 Nf6 3. Bg2 c6 4. 0-0 Bf5 5. d3 Nbd7 6. Bf4 e6 7. c3 Be7 8. Nbd2 0-0 9. Ne5 Nxe5 10. Bxe5 Nd7 11. Bf4 e5 12. Be3 Bd6 13. f4 exf4 14. Bxf4 Bxf4 15. Rxf4 Bg6 16. d4 Re8 17. e4 dxe4 18. Nxe4 Re6 19. Qb3 Qe7 20. Raf1 Rd8 21. Nd2 Re2 22. R4f2 Rxf2 23. Rxf2 Nf6 24. Nf1 h6 1/2-1/2

[Event "Gdansk op 12th "]
[Site "Gdansk"]
[Date "2010.07.19"]
[Round "4"]
[White "Ulanowski, Karol"]
[Black "Norov, Artem"]
[Result "1-0"]
[WhiteElo "1831"]
[BlackElo "1545"]
[PlyCount "72"]
[EventDate "2010.07.17"]
[EventType "swiss"]
[EventRounds "9"]
[EventCountry "POL"]
[SourceTitle "EXT 2011"]
[Source "ChessBase"]
[SourceDate "2010.11.26"]
[SourceVersion "1"]
[SourceVersionDate "2010.11.26"]
[SourceQuality "1"]

1. e4 d5 2. exd5 Qxd5 3. Nc3 Qd6 4. d4 Nf6 5. h3 c6 6. Nf3 g6 7. Bc4 Be6 8. Bxe6 Qxe6+ 9. Be3 Bg7 10. Qd2 Nbd7 11. 0-0-0 0-0-0 12. Ng5 Qc4 13. b3 Qb4 14. Nxf7 Qa3+ 15. Kb1 Nc5 16. Nxd8 Rxd8 17. f3 Ne6 18. Qc1 Qa5 19. Ne2 Nd5 20. Bd2 Qa6 21. c4 Ndc7 22. Bc3 b5 23. Bb2 Bf8 24. Rhe1 Ng7 25. Nf4 Rd6 26. Nd3 Nge6 27. Ne5 bxc4 28. Nxc4 Rd5 29. Re5 Qb5 30. Qe3 a5 31. Rxe6 Nxe6 32. Qxe6+ Kb7 33. Rc1 Bh6 34. Qxe7+ Ka6 35. Rd1 a4 36. Qa3 Be3 1-0

[Event "Gdansk op 12th "]
[Site "Gdansk"]
[Date "2010.07.18"]
[Round "2"]
[White "Renkowski, Piotr"]
[Black "Norov, Artem"]
[Result "1-0"]
[WhiteElo "1931"]
[BlackElo "1545"]
[PlyCount "44"]
[EventDate "2010.07.17"]
[EventType "swiss"]
[EventRounds "9"]
[EventCountry "POL"]
[SourceTitle "EXT 2011"]
[Source "ChessBase"]
[SourceDate "2010.11.26"]
[SourceVersion "1"]
[SourceVersionDate "2010.11.26"]
[SourceQuality "1"]

1. e4 d5 2. exd5 Qxd5 3. Nc3 Qd6 4. Nf3 Nf6 5. Bc4 c6 6. d3 Bg4 7. Bg5 Nbd7 8. Bb3 e5 9. h3 Bh5 10. Qe2 Be7 11. Bh4 Bxf3 12. Qxf3 Nc5 13. Bc4 Ne6 14. Bxf6 Bxf6 15. Ne4 Qb4+ 16. c3 Qxb2 17. Nxf6+ gxf6 18. 0-0 0-0 19. Rab1 Qxc3 20. Rfc1 Qa5 21. Bxe6 fxe6 22. Rxb7 Qd5 1-0